Laboratory Animal and Exotic Pet Medicine; Principles and Procedures (Record no. 2109)
[ view plain ]
| 000 -LEADER | |
|---|---|
| fixed length control field | 00383nam a22001457a 4500 |
| 008 - FIXED-LENGTH DATA ELEMENTS--GENERAL INFORMATION | |
| fixed length control field | 250306b |||||||| |||| 00| 0 eng d |
| 020 ## - INTERNATIONAL STANDARD BOOK NUMBER | |
| ISBN | 9780323172998 |
| 100 ## - MAIN ENTRY--AUTHOR | |
| Author | Sirois Margi |
| 245 ## - TITLE STATEMENT | |
| Title | Laboratory Animal and Exotic Pet Medicine; Principles and Procedures |
| 250 ## - EDITION STATEMENT | |
| Edition statement | 2nd |
| 260 ## - PUBLICATION, DISTRIBUTION, ETC. (IMPRINT) | |
| Place of publication | Germany |
| Name of publisher | Elsevier |
| Date of publication | 2016 |
| 300 ## - COLLATION | |
| Pagination | xi,230p |
| 942 ## - ADDED ENTRY ELEMENTS (KOHA) | |
| Item type | Books |
| 050 ## - LIBRARY OF CONGRESS CALL NUMBER | |
| Classification number | SF996.5 |
| Item number | .S57 |
| Source of classification or shelving scheme | Not for loan | Permanent location | Current location | Date acquired | Accession No. | Full call number | Barcode. | Koha item type |
|---|---|---|---|---|---|---|---|---|
| Library of Congress Classification | Samuel Ogbemudia Main Library, University of Abuja | Samuel Ogbemudia Main Library, University of Abuja | 03/06/2025 | 2024/64323 | SF996.5.S57 | 2025-0295 | Books |